[Event "Oberliga NRW 2122"]
[Site "Germany"]
[Date "2022.04.03"]
[Round "5.8"]
[White "Arzumanian, Georgy"]
[Black "Hausrath, Michaela"]
[Result "1-0"]
[WhiteElo "2473"]
[BlackElo "1748"]
[PlyCount "67"]
[EventDate "2021.10.31"]
[EventType "team-tourn"]
[EventRounds "9"]
[EventCountry "GER"]
[SourceTitle "EXT 2023"]
[Source "ChessBase"]
[SourceDate "2022.10.05"]
[SourceVersion "1"]
[SourceVersionDate "2022.10.05"]
[SourceQuality "1"]
[WhiteTeam "Siegburg"]
[BlackTeam "Muelheim Nord II"]
[WhiteTeamCountry "GER"]
[BlackTeamCountry "GER"]

1. e4 c5 2. Nf3 Nc6 3. Nc3 Nf6 4. d4 cxd4 5. Nxd4 e5 6. Ndb5 d6 7. Nd5 Nxd5 8. exd5 Nb8 9. c4 a6 10. Nc3 Be7 11. Be2 0-0 12. 0-0 f5 13. a3 f4 14. b4 Nd7 15. Bb2 Nf6 16. Bd3 Bg4 17. f3 Bd7 18. Rc1 b5 19. c5 dxc5 20. d6 Bxd6 21. Bxh7+ Kxh7 22. Qxd6 cxb4 23. axb4 Qb8 24. Qd3+ Kh8 25. Rfe1 Qa7+ 26. Kh1 Qd4 27. Qb1 Qxb4 28. Rxe5 Rfe8 29. Nd5 Qd6 30. Nxf6 gxf6 31. Rh5+ Kg7 32. Qh7+ Kf8 33. Rg5 Qe6 34. Qg7# 1-0

[Event "Minsk Kupreichik Memorial op"]
[Site "Minsk"]
[Date "2018.06.23"]
[Round "11"]
[White "Mamedov, Rauf"]
[Black "Arzumanian, Georgy"]
[Result "1-0"]
[WhiteElo "2708"]
[BlackElo "2474"]
[PlyCount "43"]
[EventDate "2018.06.21"]
[EventType "swiss (rapid)"]
[EventRounds "11"]
[EventCountry "BLR"]
[SourceTitle "CBM 185 Extra"]
[Source "ChessBase"]
[SourceDate "2018.07.29"]
[SourceVersion "1"]
[SourceVersionDate "2018.07.29"]
[SourceQuality "1"]

1. e4 d6 2. d4 Nf6 3. Nc3 e5 4. Nf3 Nbd7 5. Bc4 Be7 6. 0-0 0-0 7. Re1 c6 8. a4 a5 9. Ba2 exd4 10. Nxd4 Nc5 11. Qf3 Be6 12. Be3 Bxa2 13. Rxa2 g6 14. Raa1 Nfd7 15. Rad1 Re8 16. Qg3 Bf6 17. Nf5 Be5 18. Nh6+ Kg7 19. Qh3 Bxc3 20. bxc3 Nxe4 21. Nxf7 Qe7 22. Nxd6 1-0

[Event "Minsk Kupreichik Memorial op"]
[Site "Minsk"]
[Date "2018.06.21"]
[Round "2"]
[White "Fedotov, Konstantin"]
[Black "Arzumanian, Georgy"]
[Result "1-0"]
[WhiteElo "2017"]
[BlackElo "2474"]
[PlyCount "75"]
[EventDate "2018.06.21"]
[EventType "swiss (rapid)"]
[EventRounds "11"]
[EventCountry "BLR"]
[SourceTitle "CBM 185 Extra"]
[Source "ChessBase"]
[SourceDate "2018.07.29"]
[SourceVersion "1"]
[SourceVersionDate "2018.07.29"]
[SourceQuality "1"]

1. e4 d6 2. d4 Nf6 3. Nc3 e5 4. Nge2 Nbd7 5. h3 exd4 6. Qxd4 g6 7. Bg5 h6 8. Bh4 Bg7 9. Qe3 0-0 10. Nd4 Re8 11. 0-0-0 d5 12. f4 c5 13. Ndb5 d4 14. Nxd4 cxd4 15. Rxd4 Qb6 16. Bf2 Nf8 17. Qd2 Ne6 18. e5 Nh7 19. Rd6 Qa5 20. Rd5 Qb4 21. g3 b6 22. Bb5 Rf8 23. Bc6 Rb8 24. a3 Qe7 25. Rd1 Qc7 26. Rd6 f5 27. Nb5 Qe7 28. Bd5 Re8 29. Nd4 Nhf8 30. Nc6 Qc7 31. Nxb8 Qxb8 32. Qb4 Kh7 33. Bc6 Re7 34. R6d3 Ba6 35. Qxe7 Bxd3 36. Rxd3 Qc8 37. Bd7 Qb7 38. Qd6 1-0

[Event "Mittelrhein Regionalliga 16/17"]
[Site "Nordrheinwestfalen"]
[Date "2016.09.11"]
[Round "1.2"]
[White "Tendick, Frank"]
[Black "Arzumanian, Georgy"]
[Result "1/2-1/2"]
[WhiteElo "2079"]
[BlackElo "2403"]
[PlyCount "70"]
[EventDate "2016.09.11"]
[EventType "team-tourn"]
[EventRounds "11"]
[EventCountry "GER"]
[SourceTitle "EXT 2022"]
[Source "ChessBase"]
[SourceDate "2021.10.06"]
[SourceVersion "1"]
[SourceVersionDate "2021.10.06"]
[SourceQuality "1"]
[WhiteTeam "Dormagen SV"]
[BlackTeam "Siegburg"]
[WhiteTeamCountry "GER"]
[BlackTeamCountry "GER"]

1. d4 d6 2. e4 g6 3. f4 Bg7 4. Nf3 c5 5. d5 Qa5+ 6. Qd2 Qxd2+ 7. Nbxd2 Nf6 8. Bb5+ Nbd7 9. a4 0-0 10. Bxd7 Bxd7 11. 0-0 e6 12. dxe6 fxe6 13. e5 Nd5 14. Ne4 Nxf4 15. exd6 Ne2+ 16. Kh1 b6 17. a5 Bc6 18. Neg5 e5 19. Be3 e4 20. Nd2 Bxb2 21. Rxf8+ Rxf8 22. Rb1 Bc1 23. axb6 axb6 24. h4 Bxd2 25. Bxd2 b5 26. Be3 Nd4 27. c3 Nc2 28. Bxc5 e3 29. Ne6 Rf5 30. Bxe3 Nxe3 31. Nd4 Rc5 32. Nxc6 Rxc6 33. d7 Rd6 34. Re1 Rxd7 35. Rxe3 Kf7 1/2-1/2

[Event "Mittelrhein Verbandsliga-O 15/16"]
[Site "Nordrheinwestfalen"]
[Date "2016.05.01"]
[Round "11"]
[White "Lamprecht, Mark"]
[Black "Arzumanian, Georgy"]
[Result "1/2-1/2"]
[WhiteElo "2140"]
[BlackElo "2403"]
[PlyCount "36"]
[EventDate "2015.09.06"]
[EventType "team-tourn"]
[EventRounds "11"]
[EventCountry "GER"]
[SourceTitle "EXT 2022"]
[Source "ChessBase"]
[SourceDate "2021.10.06"]
[SourceVersion "1"]
[SourceVersionDate "2021.10.06"]
[SourceQuality "1"]
[WhiteTeam "Lohmar"]
[BlackTeam "Siegburg"]
[WhiteTeamCountry "GER"]
[BlackTeamCountry "GER"]

1. c4 g6 2. g3 Bg7 3. Bg2 e5 4. Nc3 Ne7 5. e3 c5 6. Nge2 Nbc6 7. d3 d6 8. 0-0 Be6 9. Nd5 Qd7 10. Qa4 Rc8 11. Rb1 0-0 12. a3 Nf5 13. Nec3 h5 14. b4 b6 15. Ne4 f6 16. Bd2 Kh8 17. f4 exf4 18. Nxf4 Ne5 1/2-1/2

[Event "Mittelrhein Verbandsliga Ost 1415"]
[Site "Mittelrhein"]
[Date "2015.02.22"]
[Round "8.1"]
[White "Arzumanian, Georgy"]
[Black "Borriss, Claudia"]
[Result "1-0"]
[WhiteElo "2406"]
[BlackElo "2029"]
[PlyCount "61"]
[EventDate "2014.09.07"]
[EventType "team-tourn"]
[EventRounds "11"]
[EventCountry "GER"]
[SourceTitle "EXT 2023"]
[Source "ChessBase"]
[SourceDate "2022.10.05"]
[SourceVersion "1"]
[SourceVersionDate "2022.10.05"]
[SourceQuality "1"]
[WhiteTeam "Siegburg"]
[BlackTeam "Siebengebirge"]
[WhiteTeamCountry "GER"]
[BlackTeamCountry "GER"]

1. e4 c5 2. Nf3 d6 3. d4 cxd4 4. Nxd4 Nf6 5. Nc3 a6 6. Be2 e5 7. Nb3 Be6 8. 0-0 Nbd7 9. a4 Rc8 10. Re1 Be7 11. Bf3 Qc7 12. Nd2 0-0 13. Nf1 Rfe8 14. Ne3 Qb8 15. a5 Rxc3 16. bxc3 Rc8 17. Bd2 Nc5 18. Nf1 Qc7 19. Qb1 Bc4 20. Ng3 Qd7 21. Rd1 Bb5 22. c4 Bxc4 23. Bb4 Be6 24. Qb2 Qc6 25. Bxc5 dxc5 26. Qxe5 c4 27. Nf5 Bc5 28. Nxg7 Bg4 29. Nf5 Bxf3 30. gxf3 Kh8 31. Rd6 1-0

[Event "Rethymno op 6th"]
[Site "Rethymno"]
[Date "2014.07.14"]
[Round "4"]
[White "Arzumanian, Georgy"]
[Black "Markidis, Konstantinos"]
[Result "1/2-1/2"]
[WhiteElo "2496"]
[BlackElo "2314"]
[PlyCount "83"]
[EventDate "2014.07.12"]
[EventType "swiss"]
[EventRounds "9"]
[EventCountry "GRE"]
[SourceTitle "CBM 161 Extra"]
[Source "ChessBase"]
[SourceDate "2014.08.29"]
[SourceVersion "1"]
[SourceVersionDate "2014.08.29"]
[SourceQuality "1"]

1. Nf3 Nf6 2. g3 d5 3. Bg2 e6 4. 0-0 c5 5. d3 Nc6 6. Nbd2 g6 7. e4 Bg7 8. c3 0-0 9. Re1 a5 10. a4 b6 11. Nf1 h6 12. e5 Nd7 13. d4 cxd4 14. cxd4 Ba6 15. Be3 f5 16. exf6 Qxf6 17. Rc1 Rac8 18. Qd2 g5 19. h3 Nb4 20. Rc3 Na2 21. Ne5 Nb8 22. Ra3 Nb4 23. Rc1 Rxc1 24. Qxc1 Rc8 25. Rc3 Rxc3 26. bxc3 N4c6 27. Qb1 Qd8 28. Qg6 Qe7 29. Ng4 Kf8 30. Nxh6 Qf6 31. Qxg5 Qxg5 32. Bxg5 Bc4 33. Nd2 Bd3 34. Ng4 Bc2 35. c4 Bxa4 36. cxd5 exd5 37. Bxd5 Bxd4 38. h4 Ne7 39. Be4 Bc6 40. Bh6+ Bg7 41. Bf4 Bxe4 42. Nxe4 1/2-1/2

[Event "Rethymno op 6th"]
[Site "Rethymno"]
[Date "2014.07.13"]
[Round "2"]
[White "Arzumanian, Georgy"]
[Black "Gavrish, Leonid"]
[Result "1/2-1/2"]
[WhiteElo "2496"]
[BlackElo "2180"]
[PlyCount "25"]
[EventDate "2014.07.12"]
[EventType "swiss"]
[EventRounds "9"]
[EventCountry "GRE"]
[SourceTitle "CBM 161 Extra"]
[Source "ChessBase"]
[SourceDate "2014.08.29"]
[SourceVersion "1"]
[SourceVersionDate "2014.08.29"]
[SourceQuality "1"]

1. d4 Nf6 2. Nf3 c5 3. e3 g6 4. b3 Bg7 5. Bb2 cxd4 6. exd4 d5 7. Nbd2 0-0 8. Be2 Nc6 9. 0-0 Bf5 10. a3 Ne4 11. Re1 Qb6 12. Nf1 e5 13. c3 1/2-1/2

[Event "Rethymno op 6th"]
[Site "Rethymno"]
[Date "2014.07.12"]
[Round "1"]
[White "Walta, Paivi"]
[Black "Arzumanian, Georgy"]
[Result "0-1"]
[WhiteElo "1814"]
[BlackElo "2496"]
[PlyCount "64"]
[EventDate "2014.07.12"]
[EventType "swiss"]
[EventRounds "9"]
[EventCountry "GRE"]
[SourceTitle "CBM 161 Extra"]
[Source "ChessBase"]
[SourceDate "2014.08.29"]
[SourceVersion "1"]
[SourceVersionDate "2014.08.29"]
[SourceQuality "1"]

1. e4 d6 2. d4 g6 3. Nc3 Bg7 4. Be3 a6 5. Qd2 b5 6. a3 Bb7 7. Nge2 Nd7 8. f3 c5 9. dxc5 Nxc5 10. Nf4 Nf6 11. Nd3 Nxd3+ 12. Bxd3 d5 13. exd5 Nxd5 14. Nxd5 Qxd5 15. Qb4 Qe5 16. Kf2 Qxb2 17. Rab1 Qxb4 18. axb4 0-0 19. h4 Rfd8 20. h5 Rac8 21. hxg6 hxg6 22. Rh4 Bf6 23. Rh3 Bd5 24. Bc5 Bc4 25. f4 Bd4+ 26. Bxd4 Rxd4 27. Rbh1 Kg7 28. f5 Bxd3 29. cxd3 Rxb4 30. Rh7+ Kf6 31. fxg6 fxg6 32. Re1 Rc7 0-1

[Event "Kharkov Caissa"]
[Site "Kharkov"]
[Date "2010.02.12"]
[Round "5"]
[White "Arzumanian, Georgy"]
[Black "Mazurok, Alexey"]
[Result "1/2-1/2"]
[WhiteElo "2488"]
[BlackElo "2417"]
[PlyCount "20"]
[EventDate "2010.02.09"]
[EventType "tourn"]
[EventRounds "9"]
[EventCountry "UKR"]
[EventCategory "7"]
[SourceTitle "CBM 135 Extra"]
[Source "ChessBase"]
[SourceDate "2010.05.04"]
[SourceVersion "1"]
[SourceVersionDate "2010.05.04"]
[SourceQuality "1"]

1. e4 e5 2. Nf3 Nc6 3. d4 exd4 4. Nxd4 Nf6 5. Nc3 Bb4 6. Nxc6 bxc6 7. Bd3 d5 8. exd5 cxd5 9. 0-0 0-0 10. Bg5 c6 1/2-1/2

[Event "Kharkov Caissa"]
[Site "Kharkov"]
[Date "2010.02.12"]
[Round "6"]
[White "Arzumanian, Georgy"]
[Black "Tishin, Petr"]
[Result "1/2-1/2"]
[WhiteElo "2488"]
[BlackElo "2407"]
[PlyCount "23"]
[EventDate "2010.02.09"]
[EventType "tourn"]
[EventRounds "9"]
[EventCountry "UKR"]
[EventCategory "7"]
[SourceTitle "CBM 135 Extra"]
[Source "ChessBase"]
[SourceDate "2010.05.04"]
[SourceVersion "1"]
[SourceVersionDate "2010.05.04"]
[SourceQuality "1"]

1. e4 e5 2. Nf3 Nc6 3. d4 exd4 4. Nxd4 d6 5. Nc3 Nf6 6. Bb5 Bd7 7. 0-0 Be7 8. Bf4 0-0 9. Re1 Nxd4 10. Qxd4 Bxb5 11. Nxb5 a6 12. Nc3 1/2-1/2

[Event "Kharkov Caissa"]
[Site "Kharkov"]
[Date "2010.02.09"]
[Round "1"]
[White "Arzumanian, Georgy"]
[Black "Mischuk, Dmitry"]
[Result "1/2-1/2"]
[WhiteElo "2488"]
[BlackElo "2379"]
[PlyCount "30"]
[EventDate "2010.02.09"]
[EventType "tourn"]
[EventRounds "9"]
[EventCountry "UKR"]
[EventCategory "7"]
[SourceTitle "CBM 135 Extra"]
[Source "ChessBase"]
[SourceDate "2010.05.04"]
[SourceVersion "1"]
[SourceVersionDate "2010.05.04"]
[SourceQuality "1"]

1. e4 e5 2. Nf3 Nf6 3. Nxe5 d6 4. Nf3 Nxe4 5. d4 d5 6. Bd3 Nc6 7. 0-0 Be7 8. Re1 Bg4 9. c4 Nf6 10. Nc3 Bxf3 11. Qxf3 Nxd4 12. Qd1 Ne6 13. cxd5 Nxd5 14. Bb5+ c6 15. Nxd5 cxb5 1/2-1/2

[Event "Kharkov Caissa"]
[Site "Kharkov"]
[Date "2010.??.??"]
[Round "5"]
[White "Arzumanian, Georgy"]
[Black "Kayumov, Sergey"]
[Result "1/2-1/2"]
[WhiteElo "2483"]
[BlackElo "2476"]
[PlyCount "20"]
[EventDate "2010.03.21"]
[EventType "tourn"]
[EventRounds "9"]
[EventCountry "UKR"]
[EventCategory "7"]
[SourceTitle "CBM 135 Extra"]
[Source "ChessBase"]
[SourceDate "2010.05.04"]
[SourceVersion "1"]
[SourceVersionDate "2010.05.04"]
[SourceQuality "1"]

1. e4 e5 2. Nf3 Nf6 3. Nc3 Nc6 4. Bb5 Bb4 5. 0-0 0-0 6. d3 Bxc3 7. bxc3 d6 8. Bg5 Qe7 9. Re1 Nd8 10. d4 Ne6 1/2-1/2

[Event "Kharkov Caissa"]
[Site "Kharkov"]
[Date "2010.??.??"]
[Round "3"]
[White "Arzumanian, Georgy"]
[Black "Simantsev, Mikhail"]
[Result "1/2-1/2"]
[WhiteElo "2483"]
[BlackElo "2524"]
[PlyCount "22"]
[EventDate "2010.03.21"]
[EventType "tourn"]
[EventRounds "9"]
[EventCountry "UKR"]
[EventCategory "7"]
[SourceTitle "CBM 135 Extra"]
[Source "ChessBase"]
[SourceDate "2010.05.04"]
[SourceVersion "1"]
[SourceVersionDate "2010.05.04"]
[SourceQuality "1"]

1. e4 e5 2. Nf3 d6 3. d4 exd4 4. Nxd4 Nf6 5. Nc3 Be7 6. Bf4 0-0 7. Qd2 c6 8. 0-0-0 d5 9. exd5 Nxd5 10. Nxd5 Qxd5 11. Kb1 Bf6 1/2-1/2

[Event "Kharkov Caissa"]
[Site "Kharkov"]
[Date "2010.??.??"]
[Round "7"]
[White "Jevtic, Sasa"]
[Black "Arzumanian, Georgy"]
[Result "1/2-1/2"]
[WhiteElo "2289"]
[BlackElo "2483"]
[PlyCount "30"]
[EventDate "2010.03.21"]
[EventType "tourn"]
[EventRounds "9"]
[EventCountry "UKR"]
[EventCategory "7"]
[SourceTitle "CBM 135 Extra"]
[Source "ChessBase"]
[SourceDate "2010.05.04"]
[SourceVersion "1"]
[SourceVersionDate "2010.05.04"]
[SourceQuality "1"]

1. d4 d5 2. Nf3 Nf6 3. e3 c6 4. Bd3 Bg4 5. b3 e6 6. Bb2 Bd6 7. Nbd2 Nbd7 8. h3 Bh5 9. 0-0 0-0 10. c4 e5 11. dxe5 Nxe5 12. Be2 Nxf3+ 13. Nxf3 dxc4 14. Bxc4 Qe7 15. Be2 Ba3 1/2-1/2

[Event "Kharkov Caissa"]
[Site "Kharkov"]
[Date "2010.??.??"]
[Round "9"]
[White "Kondaurov, Anton"]
[Black "Arzumanian, Georgy"]
[Result "0-1"]
[WhiteElo "2252"]
[BlackElo "2483"]
[PlyCount "68"]
[EventDate "2010.03.21"]
[EventType "tourn"]
[EventRounds "9"]
[EventCountry "UKR"]
[EventCategory "7"]
[SourceTitle "CBM 135 Extra"]
[Source "ChessBase"]
[SourceDate "2010.05.04"]
[SourceVersion "1"]
[SourceVersionDate "2010.05.04"]
[SourceQuality "1"]

1. e4 d6 2. d4 Nf6 3. Nc3 e5 4. Nf3 Nbd7 5. Bc4 Be7 6. 0-0 0-0 7. a4 c6 8. Re1 a5 9. Ba2 Qb6 10. h3 exd4 11. Qxd4 Qb4 12. Rd1 Nc5 13. e5 Qxd4 14. Rxd4 dxe5 15. Nxe5 Bf5 16. Rd2 Rae8 17. Bc4 Bd8 18. Nf3 Bb6 19. b3 Nce4 20. Nxe4 Nxe4 21. Re2 Nd6 22. Be3 Nxc4 23. bxc4 Bxe3 24. fxe3 Re4 25. Nd4 Bg6 26. Rb1 c5 27. Nf3 Rxc4 28. Rxb7 Rxa4 29. Rc7 Ra8 30. Rxc5 Ra1+ 31. Kf2 a4 32. Nd4 a3 33. Nb3 Rb1 34. Rd2 h5 0-1

[Event "Kharkov Caissa"]
[Site "Kharkov"]
[Date "2010.??.??"]
[Round "4"]
[White "Petrov, Marian"]
[Black "Arzumanian, Georgy"]
[Result "1/2-1/2"]
[WhiteElo "2526"]
[BlackElo "2483"]
[PlyCount "21"]
[EventDate "2010.03.21"]
[EventType "tourn"]
[EventRounds "9"]
[EventCountry "UKR"]
[EventCategory "7"]
[SourceTitle "CBM 135 Extra"]
[Source "ChessBase"]
[SourceDate "2010.05.04"]
[SourceVersion "1"]
[SourceVersionDate "2010.05.04"]
[SourceQuality "1"]

1. e4 d6 2. d4 Nf6 3. Nc3 e5 4. dxe5 dxe5 5. Qxd8+ Kxd8 6. Bc4 Be6 7. Bxe6 fxe6 8. Nf3 Bd6 9. Bg5 Nbd7 10. 0-0-0 Ke7 11. a3 1/2-1/2

[Event "Kharkov Matskevich Memorial"]
[Site "Kharkov"]
[Date "2009.07.15"]
[Round "8"]
[White "Arzumanian, Georgy"]
[Black "Kagramanianz, Vartan"]
[Result "1/2-1/2"]
[WhiteElo "2504"]
[BlackElo "2262"]
[PlyCount "28"]
[EventDate "2009.07.09"]
[EventType "tourn"]
[EventRounds "9"]
[EventCountry "UKR"]
[EventCategory "6"]
[SourceTitle "CBM 131 Extra"]
[Source "ChessBase"]
[SourceDate "2009.09.03"]
[SourceVersion "2"]
[SourceVersionDate "2009.09.16"]
[SourceQuality "1"]

1. c4 c5 2. Nc3 Nc6 3. g3 g6 4. Bg2 Bg7 5. Nf3 d6 6. 0-0 e6 7. d3 Nge7 8. Bd2 0-0 9. Rb1 Rb8 10. a3 b6 11. b4 Bb7 12. b5 Nd4 13. Nh4 Bxg2 14. Nxg2 d5 1/2-1/2

[Event "UKR-chT 15th"]
[Site "Alushta"]
[Date "2008.05.26"]
[Round "7.2"]
[White "Arzumanian, Georgy"]
[Black "Gumeniuk, Jaroslav"]
[Result "1-0"]
[WhiteElo "2485"]
[BlackElo "2275"]
[PlyCount "51"]
[EventDate "2008.05.21"]
[EventType "team-tourn"]
[EventRounds "9"]
[EventCountry "UKR"]
[SourceTitle "EXT 2019"]
[Source "ChessBase"]
[SourceDate "2018.10.10"]
[SourceVersion "1"]
[SourceVersionDate "2018.10.10"]
[SourceQuality "1"]
[WhiteTeam "Kharkov Law Academy"]
[BlackTeam "Khmelnytskyi Podolia"]
[WhiteTeamCountry "UKR"]
[BlackTeamCountry "UKR"]

1. e4 e6 2. d3 d5 3. Nd2 f5 4. exf5 exf5 5. Ne2 Bd6 6. g3 c5 7. Bg2 Nf6 8. c3 Nc6 9. Nf3 0-0 10. 0-0 Kh8 11. Nf4 Bxf4 12. Bxf4 Be6 13. Re1 Qd7 14. a3 Rae8 15. b4 cxb4 16. axb4 a6 17. Qa4 Bg8 18. b5 Rxe1+ 19. Rxe1 Na7 20. Qa3 Rc8 21. bxa6 bxa6 22. Qxa6 Rxc3 23. Ne5 Rc6 24. Qa1 Qb7 25. Nxc6 Nxc6 26. Bg5 1-0

[Event "UKR-chT 15th"]
[Site "Alushta"]
[Date "2008.05.25"]
[Round "5.2"]
[White "Arzumanian, Georgy"]
[Black "Khachatryan, Vahag H"]
[Result "1/2-1/2"]
[WhiteElo "2485"]
[BlackElo "2058"]
[PlyCount "100"]
[EventDate "2008.05.21"]
[EventType "team-tourn"]
[EventRounds "9"]
[EventCountry "UKR"]
[SourceTitle "EXT 2019"]
[Source "ChessBase"]
[SourceDate "2018.10.10"]
[SourceVersion "1"]
[SourceVersionDate "2018.10.10"]
[SourceQuality "1"]
[WhiteTeam "Kharkov Law Academy"]
[BlackTeam "Cherkasy Etiud"]
[WhiteTeamCountry "UKR"]
[BlackTeamCountry "UKR"]

1. e4 c5 2. Nf3 Nc6 3. d4 cxd4 4. Nxd4 Nf6 5. Nc3 e5 6. Ndb5 d6 7. Bg5 a6 8. Na3 b5 9. Nd5 Be7 10. Bxf6 Bxf6 11. c3 Bg5 12. Nc2 0-0 13. a4 bxa4 14. Rxa4 a5 15. Bc4 Bd7 16. Ra2 a4 17. 0-0 Na5 18. Bd3 Nb3 19. Ncb4 Nc5 20. Qe2 Ra5 21. Bc4 Kh8 22. Rd1 Qb8 23. Na6 Nxa6 24. Bxa6 Bd8 25. Bc4 f5 26. exf5 Rxf5 27. f3 Bc6 28. Nb4 Bb6+ 29. Kh1 Bd7 30. Qd3 Bc5 31. Nc6 Qe8 32. Nxa5 Rh5 33. g4 e4 34. fxe4 Bxg4 35. Rf1 Rh3 36. Qd5 Bf3+ 37. Rxf3 Rxf3 38. Nb7 Qf8 39. Ra1 Rf2 40. e5 Rxh2+ 41. Kxh2 Qf4+ 42. Kh3 Qf5+ 43. Kh2 Qf4+ 44. Kg2 Qf2+ 45. Kh3 Qf5+ 46. Kg3 Qf2+ 47. Kh3 Qf5+ 48. Kg3 Qf2+ 49. Kh3 Qf5+ 50. Kg3 Qf2+ 1/2-1/2

[Event "UKR-ch fin"]
[Site "Kharkov"]
[Date "2007.11.25"]
[Round "9"]
[White "Arzumanian, Georgy"]
[Black "Shishkin, Vadim"]
[Result "1/2-1/2"]
[WhiteElo "2493"]
[BlackElo "2530"]
[PlyCount "44"]
[EventDate "2007.11.17"]
[EventType "swiss"]
[EventRounds "9"]
[EventCountry "UKR"]
[SourceTitle "EXT 2009"]
[Source "ChessBase"]
[SourceDate "2008.11.26"]
[SourceVersion "1"]
[SourceVersionDate "2008.11.26"]
[SourceQuality "1"]

1. e4 c5 2. Nf3 Nc6 3. Bb5 g6 4. Bxc6 bxc6 5. 0-0 Bg7 6. c3 Ba6 7. d3 d6 8. Re1 Nh6 9. d4 cxd4 10. cxd4 0-0 11. Nc3 f6 12. b3 Qa5 13. Bb2 Nf7 14. Qc2 Rac8 15. Rad1 Rfe8 16. Qb1 Rb8 17. h3 Bc8 18. Ne2 Ng5 19. Nd2 Nf7 20. Nf3 Ng5 21. Nd2 Nf7 22. Nf3 Ng5 1/2-1/2

[Event "UKR-ch fin"]
[Site "Kharkov"]
[Date "2007.11.23"]
[Round "7"]
[White "Zinchenko, Yaroslav"]
[Black "Arzumanian, Georgy"]
[Result "1/2-1/2"]
[WhiteElo "2491"]
[BlackElo "2493"]
[PlyCount "82"]
[EventDate "2007.11.17"]
[EventType "swiss"]
[EventRounds "9"]
[EventCountry "UKR"]
[SourceTitle "EXT 2009"]
[Source "ChessBase"]
[SourceDate "2008.11.26"]
[SourceVersion "1"]
[SourceVersionDate "2008.11.26"]
[SourceQuality "1"]

1. e4 c5 2. Nf3 Nc6 3. d4 cxd4 4. Nxd4 g6 5. c4 Nf6 6. Nc3 Nxd4 7. Qxd4 d6 8. Be3 Bg7 9. Be2 0-0 10. Qd2 a5 11. 0-0 a4 12. f3 Qa5 13. Rac1 Nd7 14. Nd5 Re8 15. Rfd1 Nc5 16. Bg5 Kf8 17. Rc2 Be6 18. Bh6 Bxd5 19. Bxg7+ Kxg7 20. Qxa5 Rxa5 21. cxd5 f5 22. exf5 gxf5 23. Rc3 Kf6 24. g3 Rb8 25. Kf2 Nd7 26. Rc4 Nb6 27. Rcd4 Rc8 28. R1d2 Rc7 29. f4 Nd7 30. g4 fxg4 31. Bxg4 Nb6 32. Bf3 Rc4 33. b3 axb3 34. axb3 Rxd4 35. Rxd4 Nd7 36. Be4 h6 37. Kf3 Ra3 38. Bc2 Ra2 39. Rd2 Rb2 40. Re2 Nc5 41. Kg4 Nxb3 1/2-1/2

[Event "UKR-ch fin"]
[Site "Kharkov"]
[Date "2007.11.18"]
[Round "2"]
[White "Zubov, Alexander"]
[Black "Arzumanian, Georgy"]
[Result "1/2-1/2"]
[WhiteElo "2556"]
[BlackElo "2493"]
[PlyCount "93"]
[EventDate "2007.11.17"]
[EventType "swiss"]
[EventRounds "9"]
[EventCountry "UKR"]
[SourceTitle "EXT 2008"]
[Source "ChessBase"]
[SourceDate "2007.11.25"]
[SourceVersion "1"]
[SourceVersionDate "2007.11.25"]
[SourceQuality "1"]

1. e4 c5 2. Nf3 Nc6 3. d4 cxd4 4. Nxd4 Qb6 5. Nb3 Nf6 6. Nc3 e6 7. a3 Qc7 8. f4 d6 9. g4 a6 10. Bg2 Be7 11. Be3 Rb8 12. g5 Nd7 13. 0-0 0-0 14. Rf2 b5 15. a4 b4 16. Ne2 Re8 17. Ng3 Bf8 18. Qd3 Na5 19. Nxa5 Qxa5 20. Rd2 Bb7 21. Qe2 Nc5 22. b3 Rbc8 23. Qf2 Qc7 24. Rad1 a5 25. h4 Qb8 26. Bd4 Qa8 27. Qe2 e5 28. fxe5 dxe5 29. Ba1 Ne6 30. Bxe5 Nc5 31. Bd6 Nxe4 32. Nxe4 Bxe4 33. Bxf8 Kxf8 34. Bxe4 Qxe4 35. Qxe4 Rxe4 36. Rd8+ Re8 37. Rxc8 Rxc8 38. Rd5 Rxc2 39. Rxa5 Rb2 40. Rb5 Rxb3 41. a5 g6 42. Kg2 Ra3 43. Rxb4 Rxa5 44. Kg3 Kg7 45. Rb7 Rf5 46. Kg4 h6 47. Ra7 1/2-1/2

[Event "Kharkov op"]
[Site "Kharkov"]
[Date "2007.10.29"]
[Round "11"]
[White "Arzumanian, Georgy"]
[Black "Atakisi, Umut"]
[Result "1/2-1/2"]
[WhiteElo "2493"]
[BlackElo "2399"]
[PlyCount "39"]
[EventDate "2007.10.21"]
[EventType "swiss"]
[EventRounds "11"]
[EventCountry "UKR"]
[SourceTitle "EXT 2009"]
[Source "ChessBase"]
[SourceDate "2008.11.26"]
[SourceVersion "1"]
[SourceVersionDate "2008.11.26"]
[SourceQuality "1"]

1. e4 c5 2. Nf3 Nc6 3. d4 cxd4 4. Nxd4 Nf6 5. Nc3 e5 6. Ndb5 d6 7. Bg5 a6 8. Na3 b5 9. Nd5 Be7 10. Bxf6 Bxf6 11. c3 Bg5 12. Nc2 Rb8 13. b3 0-0 14. a4 Ne7 15. Ncb4 Nxd5 16. Nxd5 Be6 17. axb5 Qc8 18. c4 axb5 19. Be2 Qc5 20. 0-0 1/2-1/2